[Event "Bethune op-B 25th"]
[Site "Bethune"]
[Date "2004.12.27"]
[Round "3"]
[White "Laly, Jean Charles"]
[Black "Petenati, Emmanuel"]
[Result "0-1"]
[WhiteElo "1380"]
[BlackElo "1560"]
[PlyCount "42"]
[EventDate "2004.12.26"]
[EventType "swiss"]
[EventRounds "7"]
[EventCountry "FRA"]
[SourceTitle "EXT 2006"]
[Source "ChessBase"]
[SourceDate "2005.11.24"]
[SourceVersion "1"]
[SourceVersionDate "2005.11.24"]
[SourceQuality "1"]

1. d4 Nf6 2. Bg5 e6 3. e3 d5 4. Bf4 Bd6 5. Bxd6 Qxd6 6. c3 0-0 7. Nf3 Bd7 8. Ne5 c5 9. Nxd7 Nbxd7 10. Qa4 Qb6 11. Qa3 cxd4 12. exd4 Rfe8 13. Nd2 e5 14. dxe5 Rxe5+ 15. Be2 Ng4 16. Kd1 Nxf2+ 17. Kc2 Nxh1 18. Rxh1 Rxe2 19. Rf1 Qb5 20. Rf3 Ne5 21. Rg3 Nc4 0-1